000 005210000a22001810004500
020 _a958-17-0074-9
041 0 _aSPA
082 0 4 _aG 572 R349i
100 1 _aReichel Dolmatoff, Gerardo (1912-)
245 1 0 _aLos Ika : Sierra Nevada de Santa Marta, Colombia / G. Reichel - Dolmatoff
260 _aBogotá, Colombia : Univ. Nacional de Colombia
300 _a211 Pag
001 10805
942 _cBK
999 _c40248
_d40248
336 _atexto
_btxt
_2rdacontent
337 _2rdamedia
_asin mediación
_bn
338 _2rdacarrier
_avolumen
_bnc